000 00755nam a22002177a 4500
999 _c7359
_d7359
003 AR-CdUCM
008 190320b ||||| |||| 00| 0 spa d
040 _aMUNICIPALIDAD PROVINCIAL DEL CUSCO
_cBIBLIOTECA MUNICIPAL DEL CUSCO
082 _216ed.
_a657.072 /
_bC563
100 _aCholvis, Francisco
_920730
245 _aContabilidad :
_bQuinto curso /
260 _aBuenos Aires :
_bEl Ateneo,
_c1975.
300 _a349 páginas ;
_c19 cm.
505 _aContenido: Bancos -- Bancos de depósitos y descuentos -- Banco hipotecario Nacional -- Operaciones de bolsa -- Seguros ...
650 _aBancos
_94353
650 _aDepósitos, seguros
_920731
650 _aContabilidad
_910543
650 _aArgentina
_9511
942 _2ddc
_cLIBROS
945 _aachl